| 000 | 00716nam a22001937a 4500 | ||
|---|---|---|---|
| 999 |
_c16560 _d16560 |
||
| 003 | AR-CdUCM | ||
| 008 | 190225b ||||| |||| 00| 0 spa d | ||
| 040 |
_aMUNICIPALIDAD PROVINCIAL DEL CUSCO _cBIBLIOTECA MUNICIPAL DEL CUSCO |
||
| 082 |
_a869.552 / _bH46 |
||
| 100 |
_aHerrera Pinto, Salvador. _936070 |
||
| 245 | _aLa cuna de Ricardo Palma / | ||
| 260 |
_bAusonia, _c1966. _a |
||
| 300 |
_a196 paginas ; _c20 cm. |
||
| 505 | _aContenido :Sintesis de los que sostienen que Ricardo Palma era limeño -- ¿Palma arequipeño? -- Declaraciones de don Mateo Carrasco, nieto de doña Justa Palma ... | ||
| 650 |
_aBiografías. _9148 |
||
| 650 |
_aHistorias. _92725 |
||
| 942 |
_2ddc _cLIBROS |
||
| 945 |
_arum _d2019-05-03 |
||